000 00768nam a2200289Ia 4500
005 20250425161733.0
008 250425s9999 xx 000 0 und d
020 _a9681845226
041 _aspa
082 _a660.62
100 _aGARCIA GARIBAY, MARIANO
245 0 _aBIOTECNOLOGIA ALIMENTARIA
250 _a1A ED.
260 _aMEXICO
260 _aMéxico
_bLIMUSA : NORIEGA
_c1993
300 _a636
500 _aCONSULTAR INV. 34986, D-24813 EN BIBTEC
650 _aADITIVOS PARA ALIMENTOS
650 _aBIOTECNOLOGIA
650 _aENZIMAS
650 _aINDUSTRIA ALIMENTARIA
650 _aPROCESOS BIOTECNOLOGICOS
700 _aLOPEZ-MUNGUIA CANALES, AGUSTIN
700 _aQUINTERO RAMIREZ, RODOLFO
942 _c01
010 _a26982
999 _c215087
_d215087